000 00232nam a22000857a 4500
999 _c11146
_d11146
008 180924b ||||| |||| 00| 0 eng d
100 _aGOYAL K. KAUSHAL
_96909
245 _aBILL GATES A BIOGRAPHY
260 _aNEW DELHI
_bPIGEON BOOKS
_c2018